000 00587nam a2200181Ia 4500
008 090124s9999 xx 000 0 und d
082 _b42867
100 _aगाला ध.रा.
245 _a पाठदुखी तुला राम राम
250 _a0
260 _bगाला पब्लिशर्स
300 _a126
600 _aगाला ध.रा.
630 _a पाठदुखी तुला राम राम
700 _aगाला ध.रा.
730 _a पाठदुखी तुला राम राम
942 _cBOOK
999 _c109332
_d109332